|
|
|
|
| LEADER |
01715nam a2200409 i 4500 |
| 001 |
EBC4865547 |
| 003 |
MiAaPQ |
| 005 |
20200520144314.0 |
| 006 |
m o d | |
| 007 |
cr cnu|||||||| |
| 008 |
181229s2017 nyu o 000 0 eng d |
| 020 |
|
|
|z 9781631578816
|
| 020 |
|
|
|a 9781631578823
|q (electronic bk.)
|
| 035 |
|
|
|a (MiAaPQ)EBC4865547
|
| 035 |
|
|
|a (Au-PeEL)EBL4865547
|
| 035 |
|
|
|a (CaPaEBR)ebr11390032
|
| 035 |
|
|
|a (OCoLC)988760081
|
| 040 |
|
|
|a MiAaPQ
|b eng
|e rda
|e pn
|c MiAaPQ
|d MiAaPQ
|
| 050 |
|
4 |
|a TA177.7
|b .K438 2017
|
| 082 |
0 |
|
|a 363
|2 23
|
| 100 |
1 |
|
|a Keating, Barry P.,
|e author.
|
| 245 |
1 |
0 |
|a Basic cost benefit analysis for assessing local public projects /
|c Barry P. Keating and Maryann O. Keating.
|
| 264 |
|
1 |
|a New York, NY :
|b Business Expert Press,
|c 2017.
|
| 300 |
|
|
|a 1 online resource (140 pages).
|
| 336 |
|
|
|a text
|b txt
|2 rdacontent
|
| 337 |
|
|
|a computer
|b c
|2 rdamedia
|
| 338 |
|
|
|a online resource
|b cr
|2 rdacarrier
|
| 490 |
1 |
|
|a Economics collection
|
| 588 |
|
|
|a Description based on print version record.
|
| 590 |
|
|
|a Electronic reproduction. Ann Arbor, MI : ProQuest, 2018. Available via World Wide Web. Access may be limited to ProQuest affiliated libraries.
|
| 650 |
|
0 |
|a Public works
|x Cost effectiveness.
|
| 655 |
|
4 |
|a Electronic books.
|
| 700 |
1 |
|
|a Keating, Maryann O.,
|e author.
|
| 776 |
0 |
8 |
|i Print version:
|a Keating, Barry P.
|t Basic cost benefit analysis for assessing local public projects.
|d New York, NY : Business Expert Press, c2017
|h 140 pages
|k Economics collection
|z 9781631578816
|
| 797 |
2 |
|
|a ProQuest (Firm)
|
| 830 |
|
0 |
|a Economics collection.
|
| 856 |
4 |
0 |
|u https://ebookcentral.proquest.com/lib/matrademy/detail.action?docID=4865547
|z Click to View
|